000 00445nam a22001697a 4500
005 20160524120832.0
008 160524b xxu||||| |||| 00| 0 eng d
020 _a0-07-059391-4
041 _aeng
082 _b4583
100 _aCaywood, Cher L.
_91131
245 _aThe hand book of strategic P.R. Liveterante Communications
260 _aNew Delhi
_bAcademic Faundation
_c2004
300 _a553
650 _aManagement
_9241
942 _cBK
999 _c1537
_d1536